Adivina la película por su cast #1 - Estadísticas

Estadísticas generales
  • Esta prueba ha sido intentada 324 veces
  • La puntuación promedio es 7 de 16
Estadísticas de respuestas
Imagen Respuesta % Correcto
Grease
87%
La La Land
78%
Jumanji
68%
Guardianes de la Galaxia Vol.1
65%
Divergente
62%
Mujercitas
59%
El Gran Showman
47%
Dando la nota
45%
Vengadores: Endgame
41%
Venom
36%
El Hoyo
33%
Escuadrón suicida
30%
Cenicienta
27%
Un canguro superduro
26%
Los Cocodrilos
25%
Sombras Tenebrosas
12%
No se encontraron pruebas coincidentes
Distribución de puntuación
Porcentaje de gente con cada puntuación
Porcentaje por número respondido
Historial de tus puntuaciones
No has intentado esta prueba.